000 00302 a2200133 4500
001 60882
082 _a658.5 DIL
090 _c37040
_d37040
100 _aZaidi,Z.H
245 _aOperations management, 2nd Ed (photocopy)
250 _a2
260 _aNY
_bMC Graw Hill
_c1996
300 _axx, 618 p
942 _aNUST-CAE
_k658.5 DIL
999 _c295955
_d295955